| 000 | 01186nam a22003377a 4500 | ||
|---|---|---|---|
| 003 | CHAP | ||
| 005 | 20220329143345.0 | ||
| 008 | 081205s2003 mx r 00010 spa d | ||
| 010 | _a95464 | ||
| 011 | _a96436 | ||
| 020 | _a97321181X | ||
| 035 | _a107089 | ||
| 040 | _cCHAP | ||
| 082 | 0 | 4 |
_a004.01 _bG13 |
| 100 | 1 |
_aGalaviz Casas, José. _944201 |
|
| 245 | 1 | 0 |
_aElogio de la pereza : _bla ciencia de la computación en una perspectiva história _c/por José Galaviz Casas |
| 260 |
_aMéxico : _bUNAM. Facultad de Ciencias, _c2003 |
||
| 300 |
_axi, 130 p. : _bilus. |
||
| 490 | 4 | _aLas prensas de ciencias | |
| 590 |
_aBATCH-UPD _b10 _c20130110 _lUCH01 _h1859 |
||
| 590 |
_aBATCH-UPD _b10 _c20130410 _lUCH01 _h0029 |
||
| 590 |
_aBATCH-UPD _b10 _c20130914 _lUCH01 _h1022 |
||
| 590 |
_aCONVERSION _b10 _c20130109 _lUCH01 _h1353 |
||
| 650 | 1 | 4 |
_aComputadoras. _926129 |
| 650 | 1 | 4 |
_aInnovaciones tecnológicas. _958829 |
| 830 | 4 |
_aLas prensas de ciencias _965007 |
|
| 901 | _aBK | ||
| 942 | _cLIBRO | ||
| 949 |
_a004.01 G13 _bBC _cLIBRO _d33724002078322 _eLIBRO _gI.c/e _h110020 _i107089 _si _t$50.00 |
||
| 949 |
_a004.01 G13 _bBC _cLIBRO _d33724002095058 _eLIBRO _fc.2 _gI.c/e _h110021 _i107089 _sb _t$50.00 |
||
| 999 |
_c95464 _d95464 |
||